Fundamentals of Abnormal Psychology (Record no. 8205)
[ view plain ]
| 000 -LEADER | |
|---|---|
| fixed length control field | 01478cam a22002174a 4500 |
| 005 - ΗΜΕΡΟΜΗΝΙΑ ΚΑΙ ΩΡΑ ΤΕΛΕΥΤΑΙΑΣ ΕΝΗΜΕΡΩΣΗΣ | |
| Πεδίο ελέγχου | 20250605164329.0 |
| 008 - FIXED-LENGTH DATA ELEMENTS--GENERAL INFORMATION | |
| Πεδίο ελέγχου σταθερού μήκους | 250528s ||||||||||||||||||||||||d |
| 035 ## - SYSTEM CONTROL NUMBER | |
| System control number | 23175 |
| 020 ## - ISBN | |
| ISBN | 9781319153892 |
| 040 ## - ΠΗΓΗ ΚΑΤΑΛΟΓΟΓΡΑΦΗΣΗΣ | |
| Φορέας πρωτότυπης καταλογογράφησης | MC Athens Campus Library |
| Γλώσσα καταλογογράφησης | Ελληνικά, Μοντέρνα (1453-) |
| Modifying agency | MC Athens Campus Library |
| Κανόνες περιγραφικής καταλογογράφησης | AACR2 |
| 245 1# - ΤΙΤΛΟΣ ΚΑΙ ΔΗΛΩΣΗ ΥΠΕΥΘΥΝΟΤΗΤΑΣ | |
| Τίτλος | Fundamentals of Abnormal Psychology |
| 250 ## - EDITION STATEMENT | |
| Edition statement | 8th |
| 260 ## - PUBLICATION, DISTRIBUTION, ETC. | |
| Date of publication, distribution, etc. | 2016 |
| 300 ## - PHYSICAL DESCRIPTION | |
| Extent | 672 |
| 520 ## - SUMMARY, ETC. | |
| Summary, etc. | This book offers updated coverage throughout and a number of features designed by Comer to bring fresh and effective teaching approaches to the text and accompanying media - including a new online feature, Clinical Choices, which puts students in the role of clinical psychologist. Abnormal Psychology in Science and Clinical Practice, Abnormal Psychology: Past and Present, Models of Abnormality, Clinical Assessment and Diagnosis and Treatment, Problems of Anxiety and Mood, Anxiety and Obsessive - Compulsive and Related Disorders, Disorders of Trauma and Stress, Depressive and Bipolar Disorders, Suicide, Problems of the Mind and Body, Disorders Featuring Somatic Symptoms, Eating Disorders, Substance Use and Addictive Disorders, Disorders of Sex and Gender, Problems of Psychosis, Schizophrenia, Life - Span Problems, Disorders Common Among Children and Adolescents, Disorders of Aging and Cognition, Conclusion, Law and Society and the Mental Health Profession. |
| 700 1# - ΠΡΟΣΘΕΤΗ ΑΝΑΓΡΑΦΗ--ΦΥΣΙΚΟ ΠΡΟΣΩΠΟ | |
| Personal name | Comer Ronald J |
| 9 (RLIN) | 247 |
| 710 2# - ΠΡΟΣΘΕΤΗ ΑΝΑΓΡΑΦΗ--ΣΥΛΛΟΓΙΚΟ ΟΡΓΑΝΟ | |
| Corporate name or jurisdiction name as entry element | Macmillan Education |
| 9 (RLIN) | 9710 |
| 942 ## - ADDED ENTRY ELEMENTS (KOHA) | |
| Koha item type | Books |
| Τύπος τεκμηρίου | Βιβλιοθήκη | Τρέχουσα τοποθεσία | Barcode | Αριθμός εισαγωγής | Ημερομηνία απόκτησης | Ταξιθετικό σύμβολο | Αριθμός αντιτύπου | Κατάσταση απόσυρσης | Κατάσταση χαμένου | Κατάσταση κατεστραμμένου | Μη δανεισμός | Σύνολο δανεισμών | Ημερομηνία τελευταίας εμφάνισης | Η τιμή ισχύει από |
|---|---|---|---|---|---|---|---|---|---|---|---|---|---|---|
| Books | MC Athens Campus Library | MC Athens Campus Library | 9780000082046 | 7584 | 05/06/2025 | 616.89 COM | 1 | 05/06/2025 | 05/06/2025 |